000 00426nam a22001457a 4500
005 20180818132954.0
020 _a8172731493
_c00.00
035 _aB-120815, B-120823
037 _aDPL
_bENG
100 _aSharma, Jitendra Kumar
245 _aDigital broadcasting journalism /
_cby Jitendra Kumar Sharma
260 _aDelhi
_bAuthorpress
_c2003
300 _av, 311p.
_c20 cms.
942 _2ddc
_cEN
_h070.19
_mSHA
999 _c63699
_d63699